Największe miasta w województwie podkarpackim bez powiatu - Statystyki

Ogólne statystyki
  • Ten quiz został rozwiązany 10 razy
  • Średni wynik to 6 z 10
Statystyki odpowiedzi
liczba ludności miasto % Poprawnych
10 268 Nowa Dęba
90%
6315 Boguchwała
70%
5357 Nowa Sarzyna
70%
6375 Rudnik nad Sanem
70%
11 015 Głogów Małopolski
60%
5530 Jedlicze
60%
4994 Pilzno
60%
4913 Zagórz
50%
5959 Dynów
50%
4935 Radymno
50%
Nie znaleziono quizów pasujących do podanych kryteriów
Rozkład punktacji
Procent ludzi z każdym wynikiem
Percentyl według liczby udzielonych odpowiedzi
Twoja historia wyników
Nie rozwiązałeś tego quizu